The adventures of Robin Hood / (Record no. 48421)
| 000 -LEADER | |
|---|---|
| fixed length control field | 00781nam a2200217 4500 |
| 020 ## - INTERNATIONAL STANDARD BOOK NUMBER | |
| International Standard Book Number | 140271257X : |
| Terms of availability | £2.99 |
| 020 ## - INTERNATIONAL STANDARD BOOK NUMBER | |
| International Standard Book Number | 9781402712579 |
| 040 ## - CATALOGING SOURCE | |
| Original cataloging agency | StDuBDS |
| Language of cataloging | eng |
| Transcribing agency | StDuBDS |
| Modifying agency | Uk |
| 042 ## - AUTHENTICATION CODE | |
| Authentication code | ukblsr |
| 050 00 - LIBRARY OF CONGRESS CALL NUMBER | |
| Classification number | PZ8.1.B878 |
| Item number | Me 2005 |
| 082 04 - DEWEY DECIMAL CLASSIFICATION NUMBER | |
| Classification number | 398.2094202 |
| Edition number | 22 |
| 100 ## - MAIN ENTRY--PERSONAL NAME | |
| Personal name | Plye, Howard, |
| Relator term | author. |
| 9 (RLIN) | 86047 |
| 245 14 - TITLE STATEMENT | |
| Title | The adventures of Robin Hood / |
| Statement of responsibility, etc | retold from the Howard Pyle original by John Burrows ; illustrated by Lucy Corvino. |
| 260 ## - PUBLICATION, DISTRIBUTION, ETC. (IMPRINT) | |
| Place of publication, distribution, etc | New York : |
| Name of publisher, distributor, etc | Sterling Pub. ; |
| Place of publication, distribution, etc | Poole : |
| Name of publisher, distributor, etc | Chris Lloyd, distributor, |
| Date of publication, distribution, etc | 2005. |
| 300 ## - PHYSICAL DESCRIPTION | |
| Extent | 149 p. : |
| Other physical details | ill. ; |
| Dimensions | 20 cm. |
| 490 ## - SERIES STATEMENT | |
| Series statement | Classic starts |
| 700 ## - ADDED ENTRY--PERSONAL NAME | |
| Personal name | Corvino, Lucy. |
| 9 (RLIN) | 86032 |
| 700 ## - ADDED ENTRY--PERSONAL NAME | |
| Personal name | Pyle, Howard, |
| Dates associated with a name | 1853-1911. |
| Title of a work | Merry adventures of Robin Hood. |
| 9 (RLIN) | 33256 |
| 730 0# - ADDED ENTRY--UNIFORM TITLE | |
| Uniform title | Robin Hood (Legend) |
| 9 (RLIN) | 20814 |
| 942 ## - ADDED ENTRY ELEMENTS (KOHA) | |
| Source of classification or shelving scheme | |
| Koha item type | Book |
| Withdrawn status | Lost status | Source of classification or shelving scheme | Damaged status | Not for loan | Home library | Current library | Date acquired | Total Checkouts | Full call number | Barcode | Date last seen | Date checked out | Price effective from | Koha item type |
|---|---|---|---|---|---|---|---|---|---|---|---|---|---|---|
| Logos International School | Logos International School | 02/11/2025 | 3 | J FIC PYL | 040363 | 10/13/2025 | 10/06/2025 | 02/11/2025 | Book |